Países Modernos más Poblados por Siglo - Estadísticas

Estadísticas generales
  • Esta prueba ha sido intentada 3.625 veces
  • La puntuación promedio es 17 de 19
Estadísticas de respuestas
País % Correcto
China
100%
Estados Unidos
99%
India
99%
España
97%
Rusia
97%
Alemania
95%
Francia
95%
Brasil
94%
Italia
94%
Japón
92%
México
92%
Reino Unido
92%
Indonesia
84%
Egipto
82%
Pakistán
80%
Turquía
80%
Nigeria
77%
Irán
73%
Bangladés
70%
No se encontraron pruebas coincidentes
Distribución de puntuación
Porcentaje de gente con cada puntuación
Porcentaje por número respondido
Historial de tus puntuaciones
No has intentado esta prueba.